Pakistani adab kay mamar / (Record no. 524144)
[ view plain ]
| 000 -LEADER | |
|---|---|
| fixed length control field | 00538nam a22001817a 4500 |
| 003 - CONTROL NUMBER IDENTIFIER | |
| control field | NUST |
| 020 ## - INTERNATIONAL STANDARD BOOK NUMBER | |
| International Standard Book Number | 978-969-472-235-1 |
| 038 ## - RECORD CONTENT LICENSOR | |
| Staff Name | abdul basit |
| 082 ## - DEWEY DECIMAL CLASSIFICATION NUMBER | |
| Classification number | 891.439092 |
| Author Mark | SIR |
| 100 ## - MAIN ENTRY--PERSONAL NAME | |
| Personal name | Siraj ud din, Aslam |
| 9 (RLIN) | 14970 |
| 245 ## - TITLE STATEMENT | |
| Title | Pakistani adab kay mamar / |
| Statement of responsibility, etc. | Aslam Siraj ud din |
| 260 ## - PUBLICATION, DISTRIBUTION, ETC. | |
| Place of publication, distribution, etc. | Islamabad : |
| Name of publisher, distributor, etc. | Pakistan academy of letters, |
| Date of publication, distribution, etc. | 2010 |
| 300 ## - PHYSICAL DESCRIPTION | |
| Extent | 345 p. ; |
| 500 ## - GENERAL NOTE | |
| General note | Papercover. |
| 880 ## - ALTERNATE GRAPHIC REPRESENTATION | |
| Linkage | 100-02\r |
| Title | اسلم سراج الدین |
| 880 ## - ALTERNATE GRAPHIC REPRESENTATION | |
| Linkage | 245-02\r |
| Title | پاکستانی ادب کے معمار / |
| 942 ## - ADDED ENTRY ELEMENTS (KOHA) | |
| Source of classification or shelving scheme | |
| Koha item type | Book |
| Withdrawn status | Lost status | Source of classification or shelving scheme | Damaged status | Not for loan | Permanent Location | Current Location | Date acquired | Total Checkouts | Full call number | Barcode | Date last seen | Price effective from | Koha item type |
|---|---|---|---|---|---|---|---|---|---|---|---|---|---|
| Central Library (CL) | Central Library (CL) | 06/18/2019 | 891.439092 SIR | CL-E-1553 | 06/18/2019 | 06/18/2019 | Book |
